[Event "Vancity Sectional"]
[Site "Vancouver CAN"]
[Date "2023.02.02"]
[Round "2"]
[White "Zhu, Brandon"]
[Black "Reid, Euan"]
[Result "1/2-1/2"]
[WhiteElo "2047"]
[BlackElo "1891"]
[PlyCount "83"]
[EventDate "2023.01.26"]
[EventType "tourn"]
[EventRounds "5"]
[EventCountry "CAN"]
[TimeControl "60+10"]

1. e4 c6 2. d4 d5 3. exd5 cxd5 4. Bd3 Nc6 5. c3 Nf6 6. h3 e5 7. dxe5 Nxe5 8.
Nf3 Nxd3+ 9. Qxd3 Bd6 10. O-O O-O 11. Be3 Re8 12. Bd4 h6 13. Nbd2 Ne4 14. Rfe1
Bf5 15. Nf1 a6 16. Ne3 Bg6 17. Qf1 Bf4 18. Rad1 Qa5 19. b4 Qd8 20. g3 Bh5 21.
Qg2 Bxe3 22. Rxe3 Ng5 23. g4 Nxf3+ 24. Qxf3 Bg6 25. Rde1 Qd7 26. Qf4 Re4 27.
Rxe4 dxe4 28. Re3 Re8 29. Kg2 Qa4 30. Qc7 Qc6 31. Qxc6 bxc6 32. Kf1 f5 33. gxf5
Bxf5 34. Rg3 g6 35. Ke2 Kf7 36. h4 h5 37. Ke3 Ke6 38. Kf4 Kd5 39. Re3 Re6 40.
Rg3 Bg4 41. Ke3 Bf5 42. Kf4 1/2-1/2

[Event "Vancity Sectional"]
[Site "Vancouver CAN"]
[Date "2023.02.09"]
[Round "3"]
[White "Linnick, Mark"]
[Black "Zhu, Brandon"]
[Result "0-1"]
[WhiteElo "1843"]
[BlackElo "2047"]
[PlyCount "68"]
[EventDate "2023.01.26"]
[EventType "tourn"]
[EventRounds "5"]
[EventCountry "CAN"]

1. b3 Nc6 2. d4 f5 3. Bb2 e6 4. Nf3 a5 5. a3 d5 6. e3 Nf6 7. c4 Bd6 8. c5 Be7
9. Nc3 O-O 10. Qc2 Bd7 11. Bd3 Ne4 12. O-O-O b6 13. cxb6 Rb8 14. bxc7 Qxc7 15.
Ne5 Nxe5 16. Bxe4 fxe4 17. dxe5 Rfc8 18. Kd2 Bb5 19. Rc1 Bd3 20. Qd1 Qxe5 21.
f4 Qf6 22. h4 d4 23. Na4 e5 24. Qg4 Rf8 25. Ke1 Rxb3 26. Rc8 Bxa3 27. Rxf8+
Bxf8 28. Qd1 Rb8 29. Rh3 Bb4+ 30. Kf2 dxe3+ 31. Kg1 e2 32. Qb3+ Qf7 33. Qxf7+
Kxf7 34. Re3 exf4 0-1

[Event "Vancity Sectional"]
[Site "Vancouver CAN"]
[Date "2023.02.16"]
[Round "4"]
[White "Zhu, Brandon"]
[Black "Cheng, Louis"]
[Result "1-0"]
[WhiteElo "2047"]
[BlackElo "1960"]
[PlyCount "87"]
[EventDate "2023.01.26"]
[EventType "tourn"]
[EventRounds "5"]
[EventCountry "CAN"]

1. f4 Nf6 2. Nc3 d5 3. e3 Bf5 4. Nf3 e6 5. Be2 c5 6. Nh4 Nc6 7. Nxf5 exf5 8.
O-O Be7 9. Bf3 Rc8 10. b3 O-O 11. Bb2 d4 12. Ne2 dxe3 13. dxe3 Qb6 14. c4 Rfe8
15. Ng3 Rcd8 16. Qe2 g6 17. Rad1 a5 18. Bc3 Ra8 19. Qb2 Nd8 20. e4 fxe4 21.
Nxe4 Nxe4 22. Bxe4 a4 23. f5 Bg5 24. Bd5 Be3+ 25. Kh1 g5 26. Rd3 Qh6 27. g3 Nc6
28. Re1 Bd4 29. Rdd1 axb3 30. axb3 g4 31. Bxd4 Nxd4 32. Qf2 Rxe1+ 33. Rxe1 Qf6
34. Bxb7 Rb8 35. Qf4 Rxb7 36. Re8+ Kg7 37. Qxg4+ Kh6 38. Rg8 Nxf5 39. Qf4+ Kh5
40. g4+ Kh4 41. gxf5+ Kh5 42. Qg4+ Kh6 43. Qh3+ Qh4 44. Qxh4# 1-0

[Event "Vancity Sectional"]
[Site "Vancouver CAN"]
[Date "2023.02.23"]
[Round "5"]
[White "Wang, Howard"]
[Black "Zhu, Brandon"]
[Result "0-1"]
[WhiteElo "2039"]
[BlackElo "2047"]
[PlyCount "106"]
[EventDate "2023.01.26"]
[EventType "tourn"]
[EventRounds "5"]
[EventCountry "CAN"]

1. e4 e5 2. Nf3 Nc6 3. Bb5 g6 4. d3 d6 5. c3 a6 6. Ba4 Nf6 7. Nbd2 Bg7 8. Qe2
O-O 9. O-O h6 10. Rd1 Re8 11. Bb3 Na5 12. Bc2 c5 13. Nc4 Nc6 14. a4 d5 15. Ne3
d4 16. Nc4 Bg4 17. h3 Bxf3 18. Qxf3 b5 19. axb5 axb5 20. Rxa8 Qxa8 21. Nd6 Re6
22. Nxb5 Qa5 23. Na3 dxc3 24. Nc4 Qb4 25. bxc3 Qxc3 26. Ba4 Nd4 27. Qe3 Qb4 28.
Nb2 Ra6 29. Kh2 Rxa4 30. Nxa4 Qxa4 31. Qe1 Nh5 32. Bd2 Nf4 33. Bxf4 exf4 34. f3
Nc2 35. Qe2 Ne3 36. Rb1 Bd4 37. Rb8+ Kg7 38. Rb1 Qd7 39. Qa2 h5 40. Qe2 Qe7 41.
Rb8 Qg5 42. Kh1 Qg3 43. Rb7 Nc2 44. e5 Qe1+ 45. Qxe1 Nxe1 46. e6 Kf8 47. Rxf7+
Ke8 48. Rxf4 Nxd3 49. Rf7 c4 50. f4 c3 51. f5 gxf5 52. g4 c2 53. Rc7 Bc5 0-1

[Event "Vancouver Island University"]
[Site "Nanaimo CAN"]
[Date "2023.11.02"]
[Round "1"]
[White "Hafeez, Kaamran"]
[Black "Williamson, Jason"]
[Result "0-1"]
[WhiteElo "779"]
[BlackElo "1936"]
[PlyCount "44"]
[EventDate "2023.11.02"]
[EventType "swiss"]
[EventRounds "5"]
[EventCountry "CAN"]

1. e4 c5 2. Nf3 Nc6 3. d4 cxd4 4. Nxd4 Nf6 5. Nc3 e5 6. Nb3 Bb4 7. Bd3 d5 8.
Bg5 d4 9. a3 Ba5 10. Nxa5 Qxa5 11. b4 Nxb4 12. O-O Nxd3 13. Qxd3 Qxc3 14. Rfc1
Qxd3 15. cxd3 O-O 16. Rc5 Nd7 17. Rc7 f6 18. Bd2 Re8 19. Rac1 Nf8 20. Bb4 Ne6
21. R7c2 Bd7 22. Bd6 Rec8 0-1

[Event "Vancouver Island University"]
[Site "Nanaimo CAN"]
[Date "2023.11.02"]
[Round "1"]
[White "Mitenko, David"]
[Black "McLean, Taylor"]
[Result "1-0"]
[WhiteElo "1221"]
[BlackElo "1338"]
[PlyCount "124"]
[EventDate "2023.11.02"]
[EventType "swiss"]
[EventRounds "5"]
[EventCountry "CAN"]

1. e4 g6 2. d4 Bg7 3. Nf3 d6 4. Be2 Nf6 5. Nc3 O-O 6. O-O a6 7. a4 Nbd7 8. e5
dxe5 9. dxe5 Ng4 10. e6 Nde5 11. exf7+ Nxf7 12. Bc4 Nge5 13. Nxe5 Bxe5 14. Qe2
Bxc3 15. bxc3 Kg7 16. Rd1 Qe8 17. Ba3 Nd6 18. Qe5+ Rf6 19. Bb3 Bd7 20. Bc1 Nf7
21. Qxc7 Nd6 22. Qc5 Rc8 23. Qd4 e5 24. Qh4 h5 25. Qg5 Nf7 26. Bxf7 Qxf7 27.
Qh6+ Kg8 28. Rd3 Bf5 29. Re3 Qd7 30. Ba3 Rc4 31. Rae1 e4 32. Qg5 Qf7 33. f3
Rxa4 34. Bc5 Re6 35. Bd4 Ra2 36. fxe4 Bxe4 37. Rf1 Qe7 38. Qxe7 Rxe7 39. Rfe1
Rxc2 40. Rxe4 Rxe4 41. Rxe4 b5 42. Re8+ Kf7 43. Ra8 Ra2 44. h3 a5 45. Ra7+ Ke6
46. Rg7 Kf5 47. Rf7+ Ke4 48. Bb6 b4 49. cxb4 axb4 50. Bc7 b3 51. Re7+ Kd5 52.
Be5 b2 53. Bxb2 Rxb2 54. Rg7 Rb6 55. Kf2 Ke4 56. Kg3 Kf5 57. Kh4 Rb2 58. g4+
hxg4 59. hxg4+ Kf4 60. Rf7+ Ke5 61. Kg5 Rg2 62. Rh7 Ke6 1-0

[Event "Vancouver Island University"]
[Site "Nanaimo CAN"]
[Date "2023.11.09"]
[Round "2"]
[White "Williamson, Jason"]
[Black "Kulkarni, Kedar Aryan"]
[Result "1-0"]
[WhiteElo "1936"]
[BlackElo "1278"]
[PlyCount "97"]
[EventDate "2023.11.02"]
[EventType "swiss"]
[EventRounds "5"]
[EventCountry "CAN"]

1. e4 c5 2. Nf3 Nc6 3. d4 cxd4 4. Nxd4 Nf6 5. Nc3 e6 6. Ndb5 Bb4 7. Nd6+ Ke7 8.
Bf4 e5 9. Nf5+ Kf8 10. Bg5 d5 11. exd5 Bxf5 12. dxc6 Qxd1+ 13. Kxd1 Rd8+ 14.
Kc1 bxc6 15. Bc4 h6 16. Be3 a5 17. Rd1 Rxd1+ 18. Nxd1 Ng4 19. a3 Be7 20. Bb6
Bg5+ 21. Kb1 a4 22. h3 Nf6 23. Nc3 Ne4 24. Nxe4 Bxe4 25. f3 Bg6 26. b3 Ke7 27.
Bc5+ Kd7 28. Kb2 Rb8 29. Rd1+ Ke8 30. Rd6 Bf6 31. Rxc6 e4+ 32. Kc1 exf3 33.
gxf3 Bg5+ 34. Kd1 Rd8+ 35. Rd6 Rxd6+ 36. Bxd6 axb3 37. cxb3 Kd7 38. Bg3 Be7 39.
a4 Bb4 40. Bd5 Bf5 41. h4 Bg6 42. Ke2 Ke7 43. Bf4 Bc2 44. Bd2 Bxd2 45. Kxd2 Bf5
46. Ke3 h5 47. b4 Bc2 48. a5 Ba4 49. a6 1-0

[Event "Vancouver Island University"]
[Site "Nanaimo CAN"]
[Date "2023.11.16"]
[Round "3"]
[White "Campbell, Jamie"]
[Black "Hafeez, Kaamran"]
[Result "1-0"]
[WhiteElo "1786"]
[BlackElo "779"]
[PlyCount "47"]
[EventDate "2023.11.02"]
[EventType "swiss"]
[EventRounds "5"]
[EventCountry "CAN"]

1. Nf3 d5 2. c4 e6 3. b3 d4 4. e3 Nc6 5. exd4 Nxd4 6. Nxd4 Qxd4 7. Nc3 Bc5 8.
Qf3 Nf6 9. Bb2 Qd7 10. O-O-O O-O 11. Nb5 Be7 12. d4 c6 13. Nc3 b6 14. Bd3 Bb7
15. Ne4 Rac8 16. Kb1 Rfd8 17. h4 Qc7 18. Nxf6+ Bxf6 19. Qh5 g6 20. Qf3 Bxd4 21.
Bxd4 c5 22. Qf6 cxd4 23. h5 Rf8 24. h6 1-0

[Event "Vancouver Island University"]
[Site "Nanaimo CAN"]
[Date "2023.11.23"]
[Round "4"]
[White "McLean, Taylor"]
[Black "Hafeez, Kaamran"]
[Result "1-0"]
[WhiteElo "1338"]
[BlackElo "779"]
[PlyCount "71"]
[EventDate "2023.11.02"]
[EventType "swiss"]
[EventRounds "5"]
[EventCountry "CAN"]

1. c4 d6 2. g3 Nf6 3. Bg2 g6 4. Nc3 Bg7 5. d4 O-O 6. h3 Nc6 7. Nf3 e5 8. O-O
exd4 9. Nxd4 Nxd4 10. Qxd4 c6 11. Qd3 Be6 12. e4 Qd7 13. Kh2 Rad8 14. Rd1 Qc7
15. Bf4 Qb6 16. Bxd6 Rfe8 17. Rd2 Nd7 18. Qe2 Ne5 19. c5 Qa5 20. Rad1 b6 21.
Bc7 Rxd2 22. Rxd2 Qxc5 23. f4 Nc4 24. Rc2 Re7 25. Nd5 Bxd5 26. b3 Rxc7 27. exd5
Qe7 28. Qxc4 b5 29. Qc5 Qxc5 30. Rxc5 Bd4 31. Rxc6 Bb6 32. Be4 Kf8 33. Kg2 Ke7
34. d6+ Kd7 35. dxc7 Bxc7 36. Kf3 1-0

[Event "Vancouver Island University"]
[Site "Nanaimo CAN"]
[Date "2023.11.23"]
[Round "4"]
[White "Mitenko, David"]
[Black "Williamson, Jason"]
[Result "0-1"]
[WhiteElo "1221"]
[BlackElo "1936"]
[PlyCount "76"]
[EventDate "2023.11.02"]
[EventType "swiss"]
[EventRounds "5"]
[EventCountry "CAN"]

1. e4 c5 2. Nf3 Nc6 3. Bb5 Nd4 4. Nxd4 cxd4 5. c3 Qb6 6. Be2 Nf6 7. d3 e5 8.
O-O Be7 9. cxd4 Qxd4 10. Nc3 Qb6 11. Rb1 O-O 12. Be3 Qd8 13. Rc1 d5 14. Bg5 d4
15. Bxf6 Bxf6 16. Nd5 Bg5 17. Rc5 b6 18. Rc2 Bb7 19. f4 Bxd5 20. fxg5 Bxa2 21.
Qd2 Qd7 22. Rfc1 Rac8 23. Bd1 Be6 24. Qe1 Rxc2 25. Rxc2 Rc8 26. Qd2 Rxc2 27.
Qxc2 Qc8 28. Qxc8+ Bxc8 29. b4 Kf8 30. Bb3 Be6 31. Ba4 Ke7 32. Kf2 Kd6 33. Ke2
a5 34. bxa5 bxa5 35. Kd2 Kc5 36. Bc2 Kb4 37. Kc1 Bb3 38. Bb1 Kc3 0-1

[Event "Vancouver Island University"]
[Site "Nanaimo CAN"]
[Date "2023.11.30"]
[Round "5"]
[White "Williamson, Jason"]
[Black "Campbell, Jamie"]
[Result "1/2-1/2"]
[WhiteElo "1936"]
[BlackElo "1786"]
[PlyCount "67"]
[EventDate "2023.11.02"]
[EventType "swiss"]
[EventRounds "5"]
[EventCountry "CAN"]

1. e4 e5 2. Nf3 f5 3. d4 fxe4 4. Nxe5 Nf6 5. Nc3 Bb4 6. Be2 Bxc3+ 7. bxc3 O-O
8. O-O d6 9. Nc4 Nbd7 10. Ne3 d5 11. c4 c6 12. cxd5 Nxd5 13. Nxd5 cxd5 14. c4
Nb6 15. cxd5 Qxd5 16. a4 Be6 17. Be3 Nc4 18. Bxc4 Qxc4 19. Rc1 Qb3 20. Rb1 Qxd1
21. Rfxd1 Bd5 22. Rdc1 Rfc8 23. Bf4 Kf7 24. Kf1 Ke6 25. Ke2 b6 26. Ke3 Kd7 27.
Be5 g6 28. Kd2 Rxc1 29. Rxc1 Rc8 30. Rb1 Rc4 31. a5 Kc6 32. axb6 axb6 33. Rb2
b5 34. Rc2 1/2-1/2

[Event "Victoria-ch"]
[Site "Sidney CAN"]
[Date "2023.01.14"]
[Round "1.1"]
[White "Sali, Zulfikar"]
[Black "Bidwell, Zachary"]
[Result "1-0"]
[WhiteElo "2323"]
[BlackElo "1108"]
[PlyCount "69"]
[EventDate "2023.01.14"]
[EventType "swiss"]
[EventRounds "6"]
[EventCountry "CAN"]

1. e4 c6 2. d4 d5 3. f3 Qb6 4. Nc3 dxe4 5. fxe4 e5 6. Nf3 Bg4 7. Bc4 Nd7 8.
Bxf7+ Kxf7 9. Ng5+ Ke8 10. Qxg4 exd4 11. Qe6+ Be7 12. Qf7+ Kd8 13. Ne6+ Kc8 14.
Qe8+ Bd8 15. Na4 Qb4+ 16. c3 Qe7 17. Qxe7 Bxe7 18. cxd4 Bb4+ 19. Bd2 Bxd2+ 20.
Kxd2 Ngf6 21. e5 Nd5 22. Rhf1 N7b6 23. Nxb6+ axb6 24. Rf7 Ra4 25. b3 Rb4 26.
Kd3 Re8 27. Nxg7 Rg8 28. g3 c5 29. dxc5 bxc5 30. Rc1 Rd4+ 31. Ke2 b6 32. Kf3
Rd2 33. e6 Rxa2 34. e7 Ra7 35. Rf8+ 1-0

[Event "Victoria-ch"]
[Site "Sidney CAN"]
[Date "2023.01.14"]
[Round "1.2"]
[White "Kerr, Russell"]
[Black "Wu, Howard"]
[Result "0-1"]
[WhiteElo "1107"]
[BlackElo "2051"]
[PlyCount "68"]
[EventDate "2023.01.14"]
[EventType "swiss"]
[EventRounds "6"]
[EventCountry "CAN"]

1. d4 Nf6 2. Nc3 c5 3. d5 g6 4. e4 d6 5. Bb5+ Bd7 6. Bg5 Bxb5 7. Nxb5 Qa5+ 8.
Nc3 Nxe4 9. Bd2 Nxd2 10. Qxd2 Bg7 11. Nge2 O-O 12. O-O Nd7 13. Qe3 Ne5 14. Ne4
Nc4 15. Qb3 Nd2 16. Nxd2 Qxd2 17. Qd3 Qb4 18. a3 Qxb2 19. Rab1 Qe5 20. Rxb7
Rfb8 21. Qb5 Rxb7 22. Qxb7 Re8 23. Ng3 h5 24. c4 h4 25. Nh1 Qe2 26. f3 Be5 27.
Rf2 Bd4 28. Qb1 Kg7 29. Qf1 Qxf1+ 30. Kxf1 Bxf2 31. Nxf2 Rb8 32. Nd1 Rb3 33. a4
Rb4 34. a5 Rxc4 0-1

[Event "Victoria-ch"]
[Site "Sidney CAN"]
[Date "2023.01.14"]
[Round "1.3"]
[White "Talsma, Shawn"]
[Black "Li, William"]
[Result "0-1"]
[WhiteElo "1875"]
[BlackElo "1000"]
[PlyCount "56"]
[EventDate "2023.01.14"]
[EventType "swiss"]
[EventRounds "6"]
[EventCountry "CAN"]

1. e4 e5 2. Nf3 Nc6 3. Bb5 a6 4. Ba4 Nf6 5. O-O b5 6. Bb3 Bc5 7. d3 h6 8. c3
O-O 9. Re1 Re8 10. h3 Bb7 11. Nbd2 Bb6 12. Nf1 b4 13. Ne3 g6 14. Nc4 Ba7 15.
Bxh6 d5 16. exd5 Nxd5 17. Bg5 f6 18. Bh4 g5 19. Nxg5 fxg5 20. Qg4 Bc8 21. Qh5
gxh4 22. Nxe5 Nxe5 23. Bxd5+ Kg7 24. Rxe5 Bxf2+ 25. Kxf2 Qf6+ 26. Rf5 Bxf5 27.
Kg1 Rad8 28. Bf3 Rh8 0-1

[Event "Victoria-ch"]
[Site "Sidney CAN"]
[Date "2023.01.14"]
[Round "1.4"]
[White "Mengle, Ninad"]
[Black "Turner, John"]
[Result "0-1"]
[WhiteElo "969"]
[BlackElo "1853"]
[PlyCount "74"]
[EventDate "2023.01.14"]
[EventType "swiss"]
[EventRounds "6"]
[EventCountry "CAN"]

1. c4 d6 2. d4 Nf6 3. Nf3 g6 4. g3 Bg7 5. Bg2 c6 6. O-O O-O 7. b3 Na6 8. Bb2
Nc7 9. Nbd2 d5 10. e3 Bg4 11. Re1 Nd7 12. Qc1 Rc8 13. e4 dxc4 14. bxc4 b5 15.
h3 Bxf3 16. Bxf3 Ne6 17. e5 Bh6 18. Rd1 Nb6 19. c5 Nc4 20. Qc3 Nxd2 21. Rxd2
Bxd2 22. Qxd2 Nxc5 23. Rc1 Ne6 24. Rxc6 Rxc6 25. Bxc6 Qb6 26. d5 Rd8 27. Qb4
Qc5 28. Qxc5 Nxc5 29. Bd4 Nd3 30. a3 b4 31. Bb5 Rxd5 32. Bxd3 Rxd4 33. Bc2 bxa3
34. Bb3 Rb4 35. Bd5 e6 36. Ba2 Rb2 37. Bc4 a2 0-1

[Event "Victoria-ch"]
[Site "Sidney CAN"]
[Date "2023.01.14"]
[Round "1.5"]
[White "Leblanc, Paul"]
[Black "Nakayama, Finn"]
[Result "1-0"]
[WhiteElo "1760"]
[BlackElo "910"]
[PlyCount "57"]
[EventDate "2023.01.14"]
[EventType "swiss"]
[EventRounds "6"]
[EventCountry "CAN"]

1. d4 d5 2. Bf4 Nf6 3. e3 c5 4. c3 Nc6 5. Nd2 Bf5 6. Ngf3 e6 7. Be2 Be7 8. Nh4
Bg6 9. Nxg6 hxg6 10. h3 Qb6 11. Rb1 Nd7 12. O-O g5 13. Bh2 Nf6 14. b4 c4 15. e4
Kf8 16. exd5 exd5 17. Bf3 Nd8 18. Be5 g4 19. Bxg4 Nxg4 20. Qxg4 f6 21. Bg3 Bd6
22. Rfe1 Bxg3 23. Qxg3 Nf7 24. a4 Ng5 25. Re2 Re8 26. Rxe8+ Kxe8 27. Qb8+ Qd8
28. Re1+ Kd7 29. Qxb7+ 1-0

[Event "Victoria-ch"]
[Site "Sidney CAN"]
[Date "2023.01.14"]
[Round "1.6"]
[White "Moisan, Marc"]
[Black "Allan, Philip"]
[Result "1/2-1/2"]
[WhiteElo "887"]
[BlackElo "1752"]
[PlyCount "115"]
[EventDate "2023.01.14"]
[EventType "swiss"]
[EventRounds "6"]
[EventCountry "CAN"]

1. e4 c5 2. Bc4 Nc6 3. Nf3 d6 4. Nc3 Nf6 5. Ng5 e6 6. d3 h6 7. Nf3 Be7 8. O-O
O-O 9. Bf4 a6 10. a3 e5 11. Bg3 Bg4 12. h3 Bh5 13. Bh4 Nd4 14. g4 Nxg4 15. Bxe7
Qxe7 16. Nd5 Qd8 17. Nxd4 cxd4 18. hxg4 Qg5 19. f3 b5 20. Ba2 Bg6 21. Qe2 Rac8
22. Rac1 Kh8 23. f4 exf4 24. Nxf4 Bh7 25. Rf2 Rc7 26. Ne6 Qxc1+ 27. Rf1 Qxc2
28. Qxc2 Rxc2 29. Nxf8 Rxb2 30. Bxf7 g5 31. Bd5 Bg8 32. Ng6+ Kg7 33. Ne7 Bxd5
34. exd5 a5 35. Nf5+ Kf6 36. Nxd6+ Ke5 37. Nb7 Kxd5 38. Nxa5 Ke6 39. Nc6 Kd5
40. Na5 Ke6 41. Rf5 b4 42. axb4 Rxb4 43. Nc6 Ra4 44. Kf2 h5 45. Rxg5 hxg4 46.
Rxg4 Kd5 47. Ne7+ Ke6 48. Re4+ Kd6 49. Kf3 Rb4 50. Nf5+ Kd5 51. Ne3+ Kc5 52.
Re5+ Kd6 53. Rd5+ Ke6 54. Rc5 dxe3 55. Kxe3 Kd6 56. d4 Rb1 57. Ke4 Re1+ 58. Kd3
1/2-1/2

[Event "Victoria-ch"]
[Site "Sidney CAN"]
[Date "2023.01.14"]
[Round "2.1"]
[White "Pepper, Stephan"]
[Black "Sali, Zulfikar"]
[Result "0-1"]
[WhiteElo "1226"]
[BlackElo "2323"]
[PlyCount "70"]
[EventDate "2023.01.14"]
[EventType "swiss"]
[EventRounds "6"]
[EventCountry "CAN"]

1. e4 c5 2. Nf3 d6 3. d4 cxd4 4. Nxd4 Nf6 5. Nc3 a6 6. Bd3 e5 7. Nf3 Be7 8. h3
b5 9. O-O O-O 10. Re1 Bb7 11. a4 b4 12. Na2 Nc6 13. c3 a5 14. Bd2 d5 15. exd5
Qxd5 16. Bb5 e4 17. c4 Qd8 18. Nh2 Ne5 19. b3 Nd3 20. Re2 Bc5 21. Be3 Qb6 22.
Nc1 Rad8 23. Nxd3 exd3 24. Re1 Ne4 25. Bxc5 Qxc5 26. Ng4 d2 27. Re3 Nc3 28.
Rxc3 bxc3 29. Qc2 Be4 30. Qxe4 d1=Q+ 31. Rxd1 Rxd1+ 32. Kh2 Qd6+ 33. g3 f5 34.
c5 fxe4 35. cxd6 c2 0-1

[Event "Victoria-ch"]
[Site "Sidney CAN"]
[Date "2023.01.14"]
[Round "2.2"]
[White "Wu, Howard"]
[Black "Greyerbiehl, Josh"]
[Result "1-0"]
[WhiteElo "2051"]
[BlackElo "1231"]
[PlyCount "67"]
[EventDate "2023.01.14"]
[EventType "swiss"]
[EventRounds "6"]
[EventCountry "CAN"]

1. e4 c6 2. d4 d5 3. e5 Bf5 4. Nc3 e6 5. g4 Bg6 6. Nge2 Bb4 7. a3 Bxc3+ 8. Nxc3
h5 9. Bd3 Bxd3 10. Qxd3 hxg4 11. Bf4 Qb6 12. O-O-O Nd7 13. Qe2 O-O-O 14. Qxg4
g6 15. Bg5 Re8 16. h4 Nh6 17. Bxh6 Rxh6 18. Qf3 Rf8 19. Ne2 Qd8 20. Qf4 Rh7 21.
Ng3 Rfh8 22. Qf3 Qe8 23. h5 gxh5 24. Rxh5 Qg8 25. Rdh1 Rxh5 26. Rxh5 Rxh5 27.
Nxh5 Qg5+ 28. Kb1 Kd8 29. Qxf7 Qf5 30. Qxf5 exf5 31. Ng7 f4 32. Ne6+ Ke7 33.
Nxf4 Nf8 34. Kc1 1-0

[Event "Victoria-ch"]
[Site "Sidney CAN"]
[Date "2023.01.14"]
[Round "2.3"]
[White "Turner, John"]
[Black "Barker, Ryland"]
[Result "1-0"]
[WhiteElo "1853"]
[BlackElo "1208"]
[PlyCount "51"]
[EventDate "2023.01.14"]
[EventType "swiss"]
[EventRounds "6"]
[EventCountry "CAN"]

1. e4 c5 2. c3 d5 3. e5 d4 4. cxd4 cxd4 5. Nf3 Nc6 6. Bc4 e6 7. a3 g6 8. O-O
Bg7 9. Re1 Nge7 10. d3 a6 11. Bf4 Nf5 12. Nbd2 b5 13. Ba2 Bb7 14. Ne4 h6 15. g4
Nce7 16. gxf5 Bxe4 17. f6 Bxf3 18. Qxf3 Rc8 19. fxg7 Rg8 20. Rac1 Rxg7 21. Bxh6
Rh7 22. Bg5 Rh5 23. Bxe7 Rg5+ 24. Kf1 Rxc1 25. Rxc1 Qxe7 26. Qa8+ 1-0

[Event "Victoria-ch"]
[Site "Sidney CAN"]
[Date "2023.01.14"]
[Round "2.4"]
[White "Pennie, Nicolas"]
[Black "Leblanc, Paul"]
[Result "0-1"]
[WhiteElo "1150"]
[BlackElo "1760"]
[PlyCount "65"]
[EventDate "2023.01.14"]
[EventType "swiss"]
[EventRounds "6"]
[EventCountry "CAN"]

1. e4 c6 2. d4 d5 3. e5 Bf5 4. Nf3 e6 5. Be2 Nd7 6. O-O Ne7 7. Nbd2 c5 8. c4
Nc6 9. cxd5 exd5 10. Qb3 Nb6 11. a4 c4 12. Qd1 Bb4 13. Nb1 O-O 14. Bd2 Qe7 15.
a5 Bxd2 16. Qxd2 Nc8 17. Nc3 Nb4 18. Ra4 Rd8 19. Nb5 Nc6 20. Ne1 Qd7 21. Nc3
N8e7 22. f4 g6 23. Nc2 Bxc2 24. Qxc2 Nxd4 25. Qd1 Nxe2+ 26. Nxe2 Nf5 27. Ra3 d4
28. Qa4 Qd5 29. Rd1 d3 30. Nc3 Qd4+ 31. Kh1 Qxf4 32. Nd5 Rxd5 33. Rf1 0-1

[Event "Victoria-ch"]
[Site "Sidney CAN"]
[Date "2023.01.14"]
[Round "2.5"]
[White "Filipescu, Cosmin"]
[Black "Mingrone, Peter"]
[Result "0-1"]
[WhiteElo "1121"]
[BlackElo "1698"]
[PlyCount "60"]
[EventDate "2023.01.14"]
[EventType "swiss"]
[EventRounds "6"]
[EventCountry "CAN"]

1. c4 f5 2. Nc3 Nf6 3. g3 g6 4. Bg2 Bg7 5. e3 d6 6. Nge2 O-O 7. d4 c6 8. O-O
Qe8 9. b4 Be6 10. d5 Bd7 11. Rb1 Na6 12. a3 Rc8 13. Bb2 Ng4 14. Rc1 g5 15. Nd4
c5 16. Ne6 Bxe6 17. b5 Bd7 18. bxa6 bxa6 19. Qe2 Rb8 20. Rb1 Qg6 21. f4 Nxe3
22. Rf3 gxf4 23. Rxf4 Nxg2 24. Kxg2 Be5 25. Rf3 f4 26. Rbf1 Bg4 27. Qd2 Bxf3+
28. Rxf3 fxg3 29. Rxf8+ Rxf8 30. Ne2 gxh2+ 0-1

[Event "Victoria-ch"]
[Site "Sidney CAN"]
[Date "2023.01.14"]
[Round "3.1"]
[White "Sali, Zulfikar"]
[Black "Yonkman, Trevor"]
[Result "1-0"]
[WhiteElo "2323"]
[BlackElo "1583"]
[PlyCount "47"]
[EventDate "2023.01.14"]
[EventType "swiss"]
[EventRounds "6"]
[EventCountry "CAN"]

1. e4 c5 2. Nf3 g6 3. d4 cxd4 4. Qxd4 Nf6 5. e5 Nc6 6. Qh4 Nxe5 7. Nxe5 Qa5+ 8.
Nc3 Qxe5+ 9. Be3 Bg7 10. O-O-O d5 11. Bb5+ Kf8 12. Rhe1 Bf5 13. Bc5 Ne4 14.
Rxd5 g5 15. Rxe5 Bxe5 16. Qh6+ Bg7 17. Bxe7+ Kg8 18. Qh5 Bg6 19. Qf3 g4 20.
Qxg4 h5 21. Qh4 Nxc3 22. bxc3 Bxc3 23. Re3 Rc8 24. Bd3 1-0

[Event "Victoria-ch"]
[Site "Sidney CAN"]
[Date "2023.01.14"]
[Round "3.2"]
[White "Gray, Scott"]
[Black "Wu, Howard"]
[Result "1/2-1/2"]
[WhiteElo "1452"]
[BlackElo "2051"]
[PlyCount "88"]
[EventDate "2023.01.14"]
[EventType "swiss"]
[EventRounds "6"]
[EventCountry "CAN"]

1. d4 Nf6 2. c4 c5 3. d5 b5 4. cxb5 a6 5. e3 axb5 6. Bxb5 Qa5+ 7. Nc3 Bb7 8.
Nge2 Nxd5 9. O-O e6 10. Qb3 Nxc3 11. Nxc3 Nc6 12. Bd2 Qc7 13. Rfd1 d5 14. Rac1
c4 15. Qc2 Bd6 16. h3 O-O 17. a3 Ne5 18. Ne2 Nd3 19. Qxd3 cxd3 20. Rxc7 dxe2
21. Rdc1 Bxc7 22. Rxc7 Ba6 23. Bxa6 Rxa6 24. f3 Rb8 25. Kf2 f6 26. Bc3 Rd8 27.
f4 Ra4 28. g4 Re4 29. g5 d4 30. exd4 fxg5 31. d5 e5 32. fxe5 Rf8+ 33. Kg2 e1=Q
34. Bxe1 Rxe1 35. e6 Rd8 36. Rd7 Rc8 37. Kf3 h5 38. e7 Kf7 39. Rd8 Rc4 40. d6
Rf4+ 41. Kg2 Re2+ 42. Kg1 Re1+ 43. Kg2 Re2+ 44. Kg1 Re1+ 1/2-1/2

[Event "Victoria-ch"]
[Site "Sidney CAN"]
[Date "2023.01.14"]
[Round "3.3"]
[White "Deimert, Elroy"]
[Black "Turner, John"]
[Result "0-1"]
[WhiteElo "1311"]
[BlackElo "1853"]
[PlyCount "57"]
[EventDate "2023.01.14"]
[EventType "swiss"]
[EventRounds "6"]
[EventCountry "CAN"]

1. e4 c5 2. d4 cxd4 3. c3 Nc6 4. cxd4 d5 5. e5 Bf5 6. g4 Be4 7. f3 Bg6 8. h4
Qb6 9. Nc3 Nxd4 10. Be3 Nc2+ 11. Kf2 Qxe3+ 12. Kg3 Qxe5+ 13. f4 Qe3+ 14. Qf3
Qxf3+ 15. Kxf3 Nd4+ 16. Kf2 Be4 17. Nxe4 dxe4 18. Rc1 Nc6 19. Bb5 Rc8 20. Ke3
Nf6 21. g5 Ng4+ 22. Kd2 e5 23. f5 Bb4+ 24. Kc2 O-O 25. Kb1 Nd4 26. Bc4 Bd2 27.
Bxf7+ Kxf7 28. Rf1 Ne3 29. Rf2 0-1

[Event "Victoria-ch"]
[Site "Sidney CAN"]
[Date "2023.01.14"]
[Round "3.4"]
[White "Leblanc, Paul"]
[Black "Li, William"]
[Result "1/2-1/2"]
[WhiteElo "1760"]
[BlackElo "1000"]
[PlyCount "38"]
[EventDate "2023.01.14"]
[EventType "swiss"]
[EventRounds "6"]
[EventCountry "CAN"]

1. d4 d5 2. Bf4 Nf6 3. e3 Bg4 4. Be2 Bxe2 5. Qxe2 c6 6. c3 e6 7. Nd2 Bd6 8. Bg3
Qc7 9. Ngf3 Nbd7 10. e4 Bxg3 11. hxg3 dxe4 12. Nxe4 Nxe4 13. Qxe4 Nf6 14. Qe5
Qxe5+ 15. Nxe5 Nd7 16. O-O-O Nxe5 17. dxe5 Ke7 18. Rd4 Rad8 19. Rxd8 Kxd8
1/2-1/2

[Event "Victoria-ch"]
[Site "Sidney CAN"]
[Date "2023.01.14"]
[Round "3.5"]
[White "Mingrone, Peter"]
[Black "Lorenz, Martin"]
[Result "1/2-1/2"]
[WhiteElo "1698"]
[BlackElo "839"]
[PlyCount "86"]
[EventDate "2023.01.14"]
[EventType "swiss"]
[EventRounds "6"]
[EventCountry "CAN"]

1. e4 e5 2. Nf3 Nc6 3. Nc3 Bc5 4. Nxe5 Bxf2+ 5. Kxf2 Nxe5 6. d4 Ng6 7. Bc4 Qh4+
8. g3 Qd8 9. Rf1 d6 10. Kg1 Be6 11. Bb3 Qd7 12. Ba4 c6 13. d5 Bh3 14. dxc6 bxc6
15. Rf2 Nf6 16. Bf4 Nxf4 17. Rxf4 Ng4 18. Qd4 O-O 19. Nd1 Ne5 20. Nf2 Rad8 21.
Nxh3 Qxh3 22. Qd1 d5 23. Qf1 Qh6 24. Re1 d4 25. Bb3 Qg6 26. Qh3 d3 27. Rd1 Qd6
28. Qf1 Qc5+ 29. Qf2 Qb5 30. Kh1 c5 31. a4 Qb4 32. Bd5 Qxb2 33. cxd3 Qa3 34.
Qc2 Rb8 35. Rf2 Ng4 36. Re2 Qb4 37. Rf1 Qd4 38. Qc4 Qxc4 39. Bxc4 Ne5 40. Bb5
Rfd8 41. Rf5 f6 42. Rc2 Rbc8 43. Rc3 Kf7 1/2-1/2